| 000 | 00925nam a22003137a 4500 | ||
|---|---|---|---|
| 003 | CHAP | ||
| 005 | 20220817041705.0 | ||
| 008 | 971013s1939 r 00010 d | ||
| 010 | _a21659 | ||
| 011 | _a22631 | ||
| 035 | _a26726 | ||
| 040 | _cCHAP | ||
| 082 |
_a627.8 _bB68m |
||
| 100 | 0 | 0 |
_aBoulder Canyon Project. Final Reports. _914753 |
| 245 | _aModel tests of Boulder dam | ||
| 260 |
_aDenver : _b(s.e.), _c1939 |
||
| 300 |
_a402 p. _b: .ilus. |
||
| 490 |
_aPart. 5 Bull _v; 3 |
||
| 590 |
_aBATCH-UPD _b10 _c20130110 _lUCH01 _h1421 |
||
| 590 |
_aBATCH-UPD _b10 _c20130410 _lUCH01 _h0903 |
||
| 590 |
_aBATCH-UPD _b10 _c20130914 _lUCH01 _h1640 |
||
| 590 |
_aCONVERSION _b10 _c20130109 _lUCH01 _h1313 |
||
| 650 | 1 | 4 |
_aIngenierĂa hidrĂ¡ulica. _958235 |
| 650 | 1 | 4 |
_aPresas. _991480 |
| 830 | 0 |
_aPart 5 Bull _v; 3 |
|
| 901 | _aBK | ||
| 942 | _cLIBRO | ||
| 949 |
_a627.8 B68m _bBC _cLIBRO _d33724000022596 _eLIBRO _h19139 _i26726 _si |
||
| 999 |
_c21659 _d21659 |
||